Loading...

Aathma bali /

Bibliographic Details
Main Author: Shahul Valapattanam
Format: Printed Book
Language:Malayalam
Published: 1978.
Subjects:
LEADER 00590nam a2200157Ia 4500
008 121027s9999 xx 000 0 mal d
999 |c 65069  |d 65069 
082 |a 853.5S7 AAT 
100 |a Shahul Valapattanam 
245 |a Aathma bali /  |c Shahul Valapattanam 
260 |c 1978. 
500 |a Secondary Collection 
650 |a Fiction 
942 |c BK 
952 |0 0  |1 0  |4 0  |6 853_000000000000000_5S7_AAT_M  |7 0  |9 65046  |a UL  |b UL  |c ST2  |d 2012-10-27  |l 0  |o 853.5S7 AAT M  |p G3927  |r 2012-10-27  |y BK 
952 |0 0  |1 0  |4 0  |6 853_000000000000000_5S7_AAT_M  |7 0  |9 78739  |a UL  |b UL  |c ST2  |d 1998-08-28  |l 0  |o 853.5S7 AAT M  |p 49798  |r 2012-10-27  |y BK